Ciencias; estudio de la naturaleza, 6

Guardado en:
Detalles Bibliográficos
Autor principal: Rey, Luis
Formato: Libro
Lenguaje:español
Publicado: México Publicaciones Cultural 1983
Catálogo:MANES:  Resultados de Búsqueda del Catálogo
Clasificación de libros de texto:
Etiquetas: Agregar Etiqueta
Sin Etiquetas, Sea el primero en etiquetar este registro!
Añadido a:2019-05-14
Cambiado en:2019-05-15

MARC

LEADER 00000nam a2200000 4500
005 20190515132619.0
008 190515b xxu||||| |||| 00| 0 spa d
040 |a centro_manes  |c universidad_colima 
100 |9 23682  |a Rey, Luis 
245 |a Ciencias; estudio de la naturaleza, 6 
260 |a México  |b Publicaciones Cultural  |c 1983 
300 |a 311-XXIV p.  |c 26 cm.  |e ils. 
500 |a Aparece: Francisco Ziga, "Bibliografía Pedagógica. Libros de texto para enseñanza primaria: 1850-1970 VII y VIII. "Libros de Ciencias Naturales. Lecciones y Nociones de Cosas." en Boletín del Instituto de Investigaciones Bibliográficas 1981-1982, Biblioteca Nacional, Hemeroteca Nacional, Universidad Nacional Autónoma de México, Nos. 18 - 19, p. 387. 
690 0 |a CN 
691 0 |a PRI 
942 |2 ddc  |c BK 
999 |c 56554  |d 56554 
999 |c manes:56554  |d 56554